| 000 | 01534nam a2200397 c 4500 | ||
|---|---|---|---|
| 003 | BLK | ||
| 005 | 20230323030312.0 | ||
| 008 | 180411b bul|||||r ||||||| ||bul|| | ||
| 010 | _aKNG00177377000 | ||
| 020 |
_a978-954-474-597-4 _bиздат.: Кибеа |
||
| 040 | _aBLK | ||
| 041 |
_aBUL _cBUL |
||
| 072 | 7 |
_2bullib _aН61 _xМедицина Н |
|
| 072 | 7 |
_2bullib _aЛ07 _xБиоенерготерапия |
|
| 080 |
_aДруги видове терапия. Биоенерготерапия. _b615.85 _x _z615.85 |
||
| 100 | 1 |
_aЕлиард, Лорънс _eпърви автор _966979 |
|
| 700 | 1 |
_aМанушева, Ирина Борисова _9368041 |
|
| 139 |
_aЕлиард, Лорънс _bЕ 51 |
||
| 245 | 1 | 0 |
_aРейки _b200 въпроса и отговора за начинаещи _cЛорънс Елиард; прев. от англ. Ирина Борисова Манушева. |
| 257 | _aUSA | ||
| 260 |
_аСофия _bКибеа _c2012 _fСофия : Инвестпрес |
||
| 300 |
_a236 с. _bс ил. _c20 см |
||
| 380 | _a61 | ||
| 490 | 1 | _aСерия Здраве | |
| 500 | _aОриг. загл.: Reiki Q A / Lawrence Ellyard. | ||
| 650 | 4 |
_aБиоенерготерапия _9148661 |
|
| 653 | _aрейки | ||
| 653 | _aбиоенерготерапия | ||
| 659 | _aЛ | ||
| 659 | _aН | ||
| 852 | _aЦб 275038 | ||
| 856 | 4 |
_qpdf _u |
|
| 856 | 4 |
_qpdf _u |
|
| 942 |
_cKNG _n0 |
||
| 944 |
_aCR _c29.06.2015 _kВиолета_Тройчева |
||
| 944 |
_aED _c11.11.2015 _kГрета_Цуфелде |
||
| 999 |
_c169370 _d169370 |
||